000 00618nam a2200181 a 4500
008 120416s1987 ||||||||||||||||| || u
020 _a0256035725
050 _aHF 5686.C8 Dea
100 _aDeakin, Edward B
245 1 0 _aCost accounting. (2nd ed.)
250 _a2nd ed.
260 _aHomewood, [Ill.]
_bIrwin
_c1987
300 _axxiv, 1036p. : ill.
350 _a0.00
650 0 _aACCOUNTING--HANDBOOKS, MANUALS, ETC
650 0 _aCOST ACCOUNTING
995 _D0.00
_FCBU-MAIN LIBRARY (Kitwe)
_H1
_I0.00
_M1
_UAVAILABLE
_ZMain Library Open Access Collection
999 _c38957
_d38957